TRVB: test de retención visual de Benton

Guardat en:
Dades bibliogràfiques
Autor principal: Benton, Arthur L (Autor)
Format: Llibre
Idioma:espanyol
Publicat: Madrid TEA 1986
Edició:3a. ed
Col·lecció:Publicaciones de Psicología Aplicada. Serie Menor, 26
Matèries:
Etiquetes: Afegir etiqueta
Sense etiquetes, Sigues el primer a etiquetar aquest registre!

MARC

LEADER 00000nam a2200000 a 4500
001 UCT2667
003 CL-VaPUC
008 961011e19860000SP |||||||||||||||||spa|d
082 0 4 |a 153.933  |b BEN  |2 21 
100 0 |a Benton, Arthur L  |e author  |9 371619 
245 1 0 |a TRVB: test de retención visual de Benton 
250 |a 3a. ed 
300 |a 60 p 
942 |c BK 
945 |d 19961011 00:00:00  |a nastorga 
260 |a Madrid  |b TEA  |c 1986 
500 |a Incluye test 
650 0 |a Test  |9 309943 
650 0 |a Visión  |9 269056 
650 0 |a Percepción visual  |9 267039 
650 7 |a ORGANOS SENSORIALES  |2 CL-VaPUC  |9 360545 
650 0 |a Optica   |9 263171 
583 |a last modification  |c 19961011 00:00:00  |k Rodrigo Vera 
490 0 |a Publicaciones de Psicología Aplicada. Serie Menor, 26 
999 |c 252655  |d 252653 
952 |0 0  |1 0  |4 0  |6 153_933000000000000_BEN_1986  |7 0  |8 R  |9 272624  |a BIBEDU  |b BIBEDU  |c MCIRC  |d 2019-11-19  |i 3235424  |l 2  |m 1  |o 153.933 BEN 1986  |p 3235424  |r 2023-01-13  |s 2022-07-04  |w 2019-11-19  |y BK_R  |k PSI 
952 |0 0  |1 0  |4 0  |6 153_933000000000000_BEN_1986  |7 0  |8 R  |9 272625  |a BIBEDU  |b BIBEDU  |c MCIRC  |d 2019-11-19  |i 3235432  |l 1  |m 1  |o 153.933 BEN 1986  |p 3235432  |r 2023-01-13  |s 2021-09-29  |w 2019-11-19  |y BK_R  |k PSI